| 000 | 00854nam a2200229 a 4500 | ||
|---|---|---|---|
| 001 | BRCA_460 | ||
| 005 | 20190320203024.0 | ||
| 008 | 020805s1989----gw-a---###---#000-0#ger-d | ||
| 050 | 4 |
_aNK1127.5 _b.R54 1989 |
|
| 100 | 1 |
_aRiederer, Josef _91581 |
|
| 245 | 1 | 0 |
_aRestaurieren bewahren = Restoration and Preservation _cJosef Riederer ; translation Stephen Locke. |
| 260 |
_aMunich _bGoethe-Institut _c1989 |
||
| 300 |
_a85 p. _bil. (a color) _c21 cm. |
||
| 504 | _aBibliografía : p. 82-83 | ||
| 546 | _aTexto en : alemán e inglés | ||
| 650 | 1 | 4 |
_aPreservación y restauración de antigüedades _zAlemania _91582 |
| 650 | 1 | 4 |
_aArte _xConservación y restauración _zAlemania _91583 |
| 650 | 1 | 4 |
_aPropiedad cultural _vTécnicas _xConservación y restauración _91584 |
| 700 | 1 |
_aLocke, Stephen _91585 |
|
| 740 | 0 | _aRestoration and Preservation | |
| 942 |
_2lcc _cB |
||
| 999 |
_c395 _d395 |
||